| 000 | 00857nas a2200277 4500 | ||
|---|---|---|---|
| 001 | BR0602288 | ||
| 003 | BR-BrBNA | ||
| 005 | 20231205110023.0 | ||
| 007 | ta | ||
| 008 | 230509b bl.|||p| |||| 00| 00por d | ||
| 040 |
_aBR-BrBNA _bpor _cBiblioteca Nacional de Agricultura |
||
| 041 | _a(Pt) | ||
| 072 | _aS01; S30; E70 | ||
| 100 | 1 | _aUggioni, P.L. | |
| 100 | 1 | _aFagundes, R.L.M. | |
| 245 | 1 | _aTratamento dietético da intolerância à lactose infantil. Teor de lactose em alimentos. | |
| 650 | _aLACTOSE | ||
| 650 | _aPRODUTO DERIVADO DO LEITE | ||
| 650 | _aINDÚSTRIA ALIMENTÍCIA | ||
| 650 | _aALERGIA | ||
| 650 | _aSAÚDE PÚBLICA | ||
| 650 | _aPESQUISA DE MERCADO | ||
| 773 | 0 |
_tHigiene Alimentar (Brazil) _xISSN 0101-9171 _g(Apr 2006), v. 20(140) p. 24-29 _wBR0602288 |
|
| 909 |
_a202311 _bLúcia _c55 _dLúcia Elande |
||
| 942 |
_2AGRIS _n0 _cANA |
||
| 999 |
_c185848 _d185848 |
||